Music Quiz

Random Music or Song Quiz
Score 0/12 Timer 04:00
0 Plays Today
Song Missing Word % Correct
I Don't Want ____ Night to EndThis
97%
Drunk on ____You
96.6%
Crash My ____Party - Great guess!
96.4%
____ a BeerDrink
94.9%
That's My Kind of ____Night
94%
Someone Else Calling You ____Baby
93.8%
Roller ____Coaster
92.8%
____ It AgainPlay
92.7%
Country ____Girl
88.4%
All My ____ SayFriends
88.1%
____ Is a Good ThingRain
87.8%
Kiss ____ GoodbyeTomorrow
76.4%
Remove Ads.
Support Sporcle.
Get the best of Sporcle when you Go Orange. This ad-free experience offers more features, more stats, and more fun while also helping to support Sporcle. Thank you for becoming a member.

You're not logged in!

Compare scores with friends on all Sporcle quizzes.
OR
Log In

Show Comments

Extras

Top Quizzes Today


Score Distribution

Your Account Isn't Verified!

In order to create a playlist on Sporcle, you need to verify the email address you used during registration. Go to your Sporcle Settings to finish the process.

Report this User

Report this user for behavior that violates our Community Guidelines.

Details: